Catalog

Record Details

Catalog Search



Available copies

  • 2 of 2 copies available at LARL/NWRL Consortium.
  • 2 of 2 copies available at Lake Agassiz Regional Library. (Show preferred library)

Current holds

0 current holds with 2 total copies.

Show Only Available Copies
Location Call Number / Copy Notes Barcode Shelving Location Status Due Date
Climax Public Library CD TALKING BOOK MAC (Text) 33500014354013 Main Available -
Hendrum LINK Site CD TALKING BOOK MAC (Text) 33500014354021 Main Available -

Record details

  • ISBN: 9798894860435
  • ISBN: 9798228808881
  • Physical Description: 4 audio discs (4 1/2 hr.) : CD audio, digital ; 4 ... Read More
  • Edition: Unabridged.
  • Publisher: [Prince Frederick, Maryland] : Recorded Books, Inc., [2026]

Content descriptions

General Note:
Compact discs.
Participant or Performer Note:
Narrated by Carly Robins.
Summary, etc.:
Local architect Shayne Reynolds is an art ... Read More
Subject: Architects > Fiction.
Art > Collectors and collecting > Fiction.
Women painters > Fiction.
Man-woman relationships > Fiction.
FICTION / Romance / Contemporary.
FICTION / Sagas.
FICTION / Women.
Genre: Love stories.
Audiobooks.
Romance fiction.
LDR 02376nim a22005657i 4500
001483602
003LARL_NWRL_CONSORTIUM
00520260326191127.0
008260217t20262025mdunnnne f n eng d
007sd fsngnnmmned
040 . ‡aBLACP ‡beng ‡erda ‡cBLACP ‡dOCLCO
020 . ‡a9798894860435 ‡q(sound recording ; ‡qBlackstone Library CD)
020 . ‡a9798228808881 ‡q(sound recording ; ‡qBlackstone Retail CD)
035 . ‡a(OCoLC)1573626836
037 . ‡aZPos48 ‡bBlackstone Publishing
037 . ‡aZEos48 ‡bBlackstone Publishing
08204. ‡a813/.54 ‡223
1001 . ‡aMacomber, Debbie, ‡eauthor. ‡1https://id.oclc.org/worldcat/entity/E39PBJj8WkJDgf47fXH3wjVQv3 ‡0(LARL_NWRL_CONSORTIUM)153727
24510. ‡aNo competition / ‡cDebbie Macomber.
250 . ‡aUnabridged.
264 1. ‡a[Prince Frederick, Maryland] : ‡bRecorded Books, Inc., ‡c[2026]
264 4. ‡c℗2025
300 . ‡a4 audio discs (4 1/2 hr.) : ‡bCD audio, digital ; ‡c4 3/4 in.
336 . ‡aspoken word ‡bspw ‡2rdacontent
337 . ‡aaudio ‡bs ‡2rdamedia
338 . ‡aaudio disc ‡bsd ‡2rdacarrier
344 . ‡adigital ‡2rdatr
344 . ‡boptical ‡2rdarm
347 . ‡aaudio file ‡2rdaft
347 . ‡bCD audio
500 . ‡aCompact discs.
5110 . ‡aNarrated by Carly Robins.
520 . ‡aLocal architect Shayne Reynolds is an art collector, but when it comes to Carrie Lockett he's as interested in the artist as he is in her California landscapes and stunning portraits. The talented and reclusive Carrie rejects his overtures, but she won't tell him why, even though he knows she returns his feelings.
650 0. ‡aArchitects ‡vFiction. ‡0(LARL_NWRL_CONSORTIUM)163279
650 0. ‡aArt ‡xCollectors and collecting ‡vFiction. ‡0(LARL_NWRL_CONSORTIUM)163416
650 0. ‡aWomen painters ‡vFiction. ‡0(LARL_NWRL_CONSORTIUM)167956
650 0. ‡aMan-woman relationships ‡vFiction. ‡0(LARL_NWRL_CONSORTIUM)165985
650 7. ‡aFICTION / Romance / Contemporary. ‡2bisacsh
650 7. ‡aFICTION / Sagas. ‡2bisacsh
650 7. ‡aFICTION / Women. ‡2bisacsh
655 7. ‡aLove stories. ‡2gsafd
655 7. ‡aAudiobooks. ‡2lcgft ‡0(LARL_NWRL_CONSORTIUM)175801
655 7. ‡aRomance fiction. ‡2lcgft
7001 . ‡aRobins, Carly, ‡enarrator. ‡1https://id.oclc.org/worldcat/entity/E39PCjtTPRYwV8CDycfqbdWgPP
901 . ‡a483602 ‡bAUTOGEN ‡c483602 ‡tbiblio

Additional Resources